[Event "DEM U16 2022"]
[Site "Willingen GER"]
[Date "2022.06.08"]
[Round "6"]
[White "Tovmasyan, Minas"]
[Black "Gluma, Christian"]
[Result "1/2-1/2"]
[Termination "normal"]
[Board "15"]
[WhiteElo "1933"]
[BlackElo "2014"]
[WhiteClock "00:04:00"]
[BlackClock "00:11:49"]
[PlyCount "99"]
[WhiteFideId "16247620"]
[BlackFideId "16223209"]
[EventCountry "GER"]
[EventRounds "9"]
[EventType "swiss"]
[EventDate "2022.06.04"]

1. d4 {[%clk 1:30:57]} d5 {[%clk 1:30:54]} 2. Nf3 {[%clk 1:31:16]} Nf6 {[%clk
1:31:00]} 3. c4 {[%clk 1:31:11]} e6 {[%clk 1:31:20]} 4. g3 {[%clk 1:29:21]}
Bb4+ {[%clk 1:31:16]} 5. Bd2 {[%clk 1:27:09]} Be7 {[%clk 1:31:32]} 6. Bg2
{[%clk 1:26:18]} O-O {[%clk 1:31:35]} 7. b3 {[%clk 1:18:48]} c6 {[%clk
1:28:09]} 8. O-O {[%clk 1:18:54]} Nbd7 {[%clk 1:21:36]} 9. Bc3 {[%clk 1:14:26]}
Ne4 {[%clk 1:13:02]} 10. Bb2 {[%clk 1:14:25]} f5 {[%clk 1:11:38]} 11. Nbd2
{[%clk 1:12:57]} Qe8 {[%clk 1:07:49]} 12. Ne1 {[%clk 1:07:22]} Ndf6 {[%clk
1:02:54]} 13. Nd3 {[%clk 1:02:38]} Qh5 {[%clk 0:56:59]} 14. Nxe4 {[%clk
0:49:14]} Nxe4 {[%clk 0:55:18]} 15. f3 {[%clk 0:38:10]} Nd6 {[%clk 0:46:13]}
16. c5 {[%clk 0:30:48]} Ne8 {[%clk 0:42:29]} 17. Bc1 {[%clk 0:25:20]} Nf6
{[%clk 0:39:34]} 18. Bf4 {[%clk 0:22:23]} Bd7 {[%clk 0:35:03]} 19. Qd2 {[%clk
0:20:57]} Be8 {[%clk 0:30:57]} 20. b4 {[%clk 0:20:02]} Nd7 {[%clk 0:28:29]} 21.
Ne5 {[%clk 0:13:58]} g5 {[%clk 0:25:13]} 22. Nxd7 {[%clk 0:13:10]} Bxd7 {[%clk
0:24:41]} 23. Be5 {[%clk 0:13:35]} Bf6 {[%clk 0:23:38]} 24. f4 {[%clk 0:11:05]}
Bxe5 {[%clk 0:20:59]} 25. dxe5 {[%clk 0:09:57]} gxf4 {[%clk 0:19:06]} 26. Rxf4
{[%clk 0:10:21]} Qg6 {[%clk 0:17:56]} 27. Raf1 {[%clk 0:08:41]} Be8 {[%clk
0:17:10]} 28. g4 {[%clk 0:06:34]} Qg7 {[%clk 0:12:37]} 29. gxf5 {[%clk
0:05:16]} exf5 {[%clk 0:08:07]} 30. Rxf5 {[%clk 0:05:34]} Rxf5 {[%clk 0:07:28]}
31. Rxf5 {[%clk 0:06:03]} Bg6 {[%clk 0:07:39]} 32. Rg5 {[%clk 0:05:07]} h6
{[%clk 0:05:23]} 33. Rg3 {[%clk 0:04:53]} Kh7 {[%clk 0:04:30]} 34. Qf4 {[%clk
0:04:27]} Rf8 {[%clk 0:01:48]} 35. Qg4 {[%clk 0:04:52]} Re8 {[%clk 0:01:57]}
36. e6 {[%clk 0:02:08]} Qa1+ {[%clk 0:00:46]} 37. Kf2 {[%clk 0:02:14]} Qf6+
{[%clk 0:01:05]} 38. Rf3 {[%clk 0:00:52]} Qxe6 {[%clk 0:01:02]} 39. Qxe6 {[%clk
0:01:21]} Rxe6 {[%clk 0:01:24]} 40. Rf8 {[%clk 0:01:20]} Be8 {[%clk 0:00:57]}
41. Bh3 {[%clk 0:27:10]} Re7 {[%clk 0:30:22]} 42. Rf3 {[%clk 0:16:24]} Bd7
{[%clk 0:22:53]} 43. Bxd7 {[%clk 0:14:52]} Rxd7 {[%clk 0:23:19]} 44. Ra3 {[%clk
0:11:47]} a6 {[%clk 0:22:26]} 45. Rg3 {[%clk 0:09:52]} Re7 {[%clk 0:19:51]} 46.
Kf3 {[%clk 0:08:03]} Rf7+ {[%clk 0:15:44]} 47. Ke3 {[%clk 0:07:40]} Re7+ {[%clk
0:14:48]} 48. Kd3 {[%clk 0:08:04]} Re4 {[%clk 0:13:39]} 49. a3 {[%clk 0:07:59]}
a5 {[%clk 0:11:49]} 50. bxa5 {[%clk 0:04:00]} 1/2-1/2

[Event "DEM U16 2022"]
[Site "Willingen GER"]
[Date "2022.06.08"]
[Round "6"]
[White "Hecht, Jonas Christian"]
[Black "Weidenhöfer, Max"]
[Result "1-0"]
[Termination "normal"]
[Board "16"]
[WhiteElo "1938"]
[BlackElo "1945"]
[WhiteClock "00:11:29"]
[BlackClock "00:03:49"]
[PlyCount "109"]
[WhiteFideId "16214846"]
[BlackFideId "16230566"]
[EventCountry "GER"]
[EventRounds "9"]
[EventType "swiss"]
[EventDate "2022.06.04"]

1. e4 {[%clk 1:30:57]} c6 {[%clk 1:30:53]} 2. Nf3 {[%clk 1:31:17]} d5 {[%clk
1:31:17]} 3. Nc3 {[%clk 1:31:37]} Bg4 {[%clk 1:31:33]} 4. h3 {[%clk 1:31:43]}
Bxf3 {[%clk 1:32:00]} 5. Qxf3 {[%clk 1:32:05]} e6 {[%clk 1:32:24]} 6. d4 {[%clk
1:31:48]} Nd7 {[%clk 1:30:02]} 7. Bd3 {[%clk 1:30:34]} dxe4 {[%clk 1:29:07]} 8.
Nxe4 {[%clk 1:30:39]} Ngf6 {[%clk 1:29:29]} 9. c3 {[%clk 1:30:25]} Be7 {[%clk
1:28:21]} 10. O-O {[%clk 1:30:10]} O-O {[%clk 1:28:20]} 11. Nxf6+ {[%clk
1:28:51]} Nxf6 {[%clk 1:28:40]} 12. Re1 {[%clk 1:28:06]} Qd5 {[%clk 1:21:42]}
13. Qe2 {[%clk 1:12:11]} Rfd8 {[%clk 1:19:03]} 14. Bc4 {[%clk 1:10:54]} Qd7
{[%clk 1:19:19]} 15. Bf4 {[%clk 1:07:13]} Nd5 {[%clk 0:55:27]} 16. Be5 {[%clk
1:03:53]} Bd6 {[%clk 0:53:55]} 17. Rad1 {[%clk 0:56:10]} Qc7 {[%clk 0:49:12]}
18. h4 {[%clk 0:44:17]} Rd7 {[%clk 0:46:45]} 19. Qg4 {[%clk 0:41:50]} Bxe5
{[%clk 0:43:15]} 20. dxe5 {[%clk 0:41:50]} Rad8 {[%clk 0:43:03]} 21. h5 {[%clk
0:33:19]} h6 {[%clk 0:31:35]} 22. Qe4 {[%clk 0:21:16]} Ne7 {[%clk 0:31:24]} 23.
Bd3 {[%clk 0:20:13]} g6 {[%clk 0:31:20]} 24. Bc2 {[%clk 0:14:35]} Rxd1 {[%clk
0:27:51]} 25. Bxd1 {[%clk 0:14:31]} Qd7 {[%clk 0:24:18]} 26. hxg6 {[%clk
0:14:41]} fxg6 {[%clk 0:20:32]} 27. Bb3 {[%clk 0:14:56]} Kg7 {[%clk 0:08:43]}
28. Rd1 {[%clk 0:12:25]} Qc8 {[%clk 0:08:43]} 29. Rxd8 {[%clk 0:12:28]} Qxd8
{[%clk 0:09:11]} 30. Bxe6 {[%clk 0:12:45]} Qd1+ {[%clk 0:07:44]} 31. Kh2 {[%clk
0:13:08]} Qh5+ {[%clk 0:08:12]} 32. Bh3 {[%clk 0:13:17]} Qg5 {[%clk 0:07:07]}
33. Qd4 {[%clk 0:12:22]} b6 {[%clk 0:06:23]} 34. f4 {[%clk 0:10:14]} Qh4 {[%clk
0:06:25]} 35. g3 {[%clk 0:10:20]} Qh5 {[%clk 0:06:45]} 36. e6+ {[%clk 0:10:44]}
Kh7 {[%clk 0:06:37]} 37. Qd7 {[%clk 0:11:06]} Qe2+ {[%clk 0:06:34]} 38. Bg2
{[%clk 0:09:11]} Qh5+ {[%clk 0:06:42]} 39. Kg1 {[%clk 0:08:33]} Qc5+ {[%clk
0:07:05]} 40. Kf1 {[%clk 0:08:15]} a5 {[%clk 0:05:09]} 41. b3 {[%clk 0:01:49]}
Kg7 {[%clk 0:00:53]} 42. Bxc6 {[%clk 0:27:41]} Kf6 {[%clk 0:30:45]} 43. Qe8
{[%clk 0:26:28]} Kxe6 {[%clk 0:29:00]} 44. Bb5 {[%clk 0:26:29]} Qc8 {[%clk
0:22:43]} 45. Bc4+ {[%clk 0:26:13]} Kd6 {[%clk 0:23:05]} 46. Qf7 {[%clk
0:23:05]} Qf5 {[%clk 0:21:44]} 47. Qg7 {[%clk 0:20:28]} h5 {[%clk 0:13:42]} 48.
Qd4+ {[%clk 0:17:17]} Kc7 {[%clk 0:12:44]} 49. Kf2 {[%clk 0:15:59]} Kc6 {[%clk
0:08:45]} 50. Qd8 {[%clk 0:12:25]} Qc5+ {[%clk 0:07:15]} 51. Kg2 {[%clk
0:12:37]} b5 {[%clk 0:06:03]} 52. Be2 {[%clk 0:12:30]} Kb7 {[%clk 0:05:29]} 53.
Bf3+ {[%clk 0:12:49]} Ka6 {[%clk 0:05:32]} 54. Qd7 {[%clk 0:11:09]} Qa7 {[%clk
0:03:49]} 55. Qd6+ {[%clk 0:11:29]} 1-0